1002 1714 1136 1289 1919 1344 1497 1563 1043 1678 1684 1434 1491 1681 1350 1219 1401 1387 1650 1362 1637 1343 1218 1671 1626 1069 1405 1284 1303 1674 1661 1005 1826 1600 1068 1044 1669 1840 1295 1149 1859 1230 1722 1159 1481 1678 1726 1203 1074 1028 1766 1849 1462 1321 1198 1677 1688 1319 1422 1433 1312 1044 1794 1590 1051 1011 1692 1250 1547 1910 1041 1802 1494 1138 1600 1820 1683 1950 1113 1344 1158 1982 1215 1002 1805 1507 1499 1575 1430 1910 1285 1942 1595 1444 1431 1874 1144 1439 1087 BCNSPRNW ULIB Ver.6.0+V

เปลี่ยนเป็นภาษาไทย

Change to English
 แสดงรายละเอียดบรรณานุกรม
  กลับหน้าหลัก

Brief Record : Get Marc (ISO 2709) : E-mail record : QR code < ปิดหน้าต่าง
LEADER : 00000nam 2200000uu 4500
001    13399122163
003     ULIB
008    130107s2554||||th 000 0 tha d
020    ^a9786167088747
050    ^aPL4167^bต145ค
100 0  ^aตระการ เอี่ยมตระกูล
245 10 ^aคำไทยที่มักใช้ผิด/^cตระการ เอี่ยมตระกูล
250    ^aพิมพ์ครั้งที่ 1
260    ^aกรุงเทพฯ :^bคลื่นอักษร,^c2554.
300    ^a192 หน้า
650  4 ^aภาษาไทย^xการใช้ภาษา
650  4 ^aภาษาไทย^xตัวสะกด
650  4 ^aภาษาไทย^xคำศัพท์
945    ^p155^l0^i19624
945    ^p155^l0^i19625
999    ^aกัณชพร
รายการนี้ยังไม่มีแท็ก
คุณยังไม่ได้ล็อกอิน คุณสามารถมีกิจกรรมร่วมกับเว็บไซต์ได้ แต่ต้องล็อกอินก่อน ::
  ล็อกอิน

รายการสื่อสารสนเทศ

ลำดับที่ ประเภท เลขเรียก/บาร์โค้ด สถานที่ สถานะ
1. วิทยาศาสตร์การแพทย์ และสุขภาพ
วิทยาศาสตร์การแพทย์ และสุขภาพ
PL4167 ต145ค  
  Barcode: 19624
ห้องสมุดวิทยาเขตสวรรค์ประชารักษ์
►หนังสือทั่วไป
บนชั้น
2. วิทยาศาสตร์การแพทย์ และสุขภาพ
วิทยาศาสตร์การแพทย์ และสุขภาพ
PL4167 ต145ค ฉ.2 
  Barcode: 19625
ห้องสมุดวิทยาเขตสวรรค์ประชารักษ์
►หนังสือทั่วไป
บนชั้น

รายการใกล้เคียง
    ผู้แต่ง [ตระการ เอี่ยมตระกูล]

BibComment


ยังไม่เคยถูกคอมเมนท์

คอมเมนท์ทรัพยากรรายการนี้
  คอมเมนท์: คำไทยที่มักใช้ผิ..


 Copyright 2026. Bcnsprnw @Library